| 000 | 00990nam a22002177a 4500 | ||
|---|---|---|---|
| 999 |
_c1436 _d1436 |
||
| 003 | AR-CdUCM | ||
| 008 | 190227b ||||| |||| 00| 0 spa d | ||
| 040 |
_aMUNICIPALIDAD PROVINCIAL DEL CUSCO _cBIBLIOTECA MUNICIPAL DEL CUSCO |
||
| 082 |
_a338.208 / _bP59 |
||
| 100 |
_aPinto, Anibal _943965 |
||
| 245 | _aTres ensayos sobre Chile y América Latina / | ||
| 260 |
_aBuenos Aires: _bEdiciones Solar, _c1971. |
||
| 300 |
_a154 Páginas ; _c21.5 cm |
||
| 505 | _aContenido: Diagnósticos, estructura y esquemas de desarrollo en América Latina -- Desarrollo económico y relaciones sociales en Chile -- Repaso de experiencias históricas y datos estructurales -- Estructura social e implicaciones políticas ... | ||
| 650 |
_aAspectos económicos - América Latina _95438 |
||
| 650 |
_aMinas y recursos minerales - Economía _95439 |
||
| 650 |
_aCondiciones económicas - América Latina _95440 |
||
| 650 |
_aEconomía - Chile _95441 |
||
| 942 |
_2ddc _cLIBROS |
||
| 945 |
_alccs _d2019-02-27 |
||